| 000 | 01263 a2200253 4500 | ||
|---|---|---|---|
| 008 | 090312t xxu||||| |||| 00| 0 hin d | ||
| 010 | _aHIN-77649 | ||
| 020 |
_a8126312629 _c100.00 |
||
| 035 | _aHN-50095 | ||
| 035 | _aB-317880 | ||
| 037 | _bD.B.Act / pub | ||
| 082 | _a821 | ||
| 100 | _aपाडगाँवकर, मंगेश | ||
| 245 |
_aकविता मनुष्यों के लिए _cमंगेश पाडगाँवकर |
||
| 246 |
_aKavita manusya ka laya _bMangas Pangaykar |
||
| 260 |
_aनई दिल्ली _bभारतीय ज्ञानपीठ _c2006 |
||
| 300 |
_a120पृ _c22 सेमी (सजिल्द) |
||
| 490 | _a(लोकोदय ग्रंथमालाःग्रंथांक 835) | ||
| 650 | _aहिन्दी कविताएँ | ||
| 650 | _aHindi Poerty | ||
| 942 |
_adpl _cHN _k / _2ddc _h821 _mपाडगाँ |
||
| 999 |
_c2635 _d2635 |
||